| 000 | 00388nam a2200133Ia 4500 | ||
|---|---|---|---|
| 008 | 210430s9999 xx 000 0 und d | ||
| 020 | _a3-540-00626-5 | ||
| 082 | _a620.1623 K116 C | ||
| 100 |
_aH.Kaesche _954283 |
||
| 245 |
_aCorrosion of Metals physicochemical principles and Current problems / _cH.Kaesche |
||
| 260 |
_aNew york _bSpringer _c2009 |
||
| 300 | _a594p | ||
| 942 |
_cBK _2ddc |
||
| 999 |
_c564775 _d564775 |
||